000 00846cam a2200289 a 4500
005 20260322212054.0
008 data
010 _a 73004066
020 _a0060105917 :
_c{dollar}15.00
020 _a9780060105914 :
_c{dollar}15.00
040 _dCtY-D
043 _an-us---
050 0 _aHQ1064.U5
_bB87 1975
096 _aWT 100 B978w 1975
100 1 _aButler, Robert N.,
_d1927-
245 1 0 _aWhy survive? :
_bbeing old in America /
_cRobert N. Butler.
250 _a1st ed.
260 0 _aNew York :
_bHarper & Row,
_c1975.
300 _axiii, 496 p. ;
_c25 cm.
500 _aIncludes index.
504 _aBibliography: p. [471]-482.
590 _aBibliography: p. [471]-482.
590 _aIncludes index.
650 0 _aOlder people
_xGovernment policy
_zUnited States.
650 0 _aOld age assistance
_zUnited States.
001 data
999 _c1285
_d1285